000 00732nam a2200217Ia 4500
003 Ost
005 20260507075643.0
008 260507s9999||||xx |||||||||||||| ||und||
040 _cfsecg
041 _aara
082 _a346.02
100 _aالزعبي، محمد يوسف
_eمؤلف
245 0 _aالعقود المسماة :
_bشرح عقد البيع في القانون المدني /
_c محمد يوسف الزعبي
260 _aعمان:
_bمكتبة دار الثقافة,
_c2004
300 _a575 صفحة؛
_bإيضاحات ؛
_c24 سم
520 _aأركان البيع - آثار البيع
653 _aالبيع
653 _aالعقود
653 _aالقانون المدني
942 _cكتاب
999 _c45442
_d45442